Datum a čas kvízu
22
Celkem bodů
Celkový počet nahraných bodů na tomto kvízu bez doplňovacích otázek.
12.
Pořadí na kvízu
Konečné umístění týmu na tomto kvízu.
Zaznamenané odpovědi
| # | Otázka | Odpověď | Body | Výsledky |
|---|---|---|---|---|
| 1. | Minulý týden byl překonán reko... | Tomio Okamura | 1 | |
| 2. | Bizarní tragédie se odehrála v... | v Rakousku | 0 | |
| 3. | Která kapela oslavila minulý t... | Divokej Bill | 1 | |
| 4. | Jistá kurýrní společnost působ... | DPD | 0 | |
| 5. | Jak se jmenuje 19letá česká te... | Linda Nosková | 0 | |
| 6. | Podíváme se do historie na výp... | křížová výprava | 0 | |
| 7. | Zajímavé byly osudy Přemyslovn... | Dagmar, Dánsko | 0 | |
| 8. | Jednou z možností, jak se dost... | Jiří z Poděbrad | 0 | |
| 9. | Země Františka Josefa byla obj... | Rusku | 0 | |
| 10. | Období husitství představovalo... | D | 0 |